Quizzes
Events
Quiz Creation
Community
Videos
Private Events
Remove Ads
Sign In
Join for FREE
Feedback
Dark Mode
Quiz Categories
Sports
Geography
Music
Movies
Television
Just For Fun
Miscellaneous
History
Literature
Language
Science
Gaming
Entertainment
Religion
Holiday
For Kids
Quiz Lab
Recent
Popular Today
Quiz Kudos Today
Editor Picks
Curator Picks
Quizzes by...
Day
Popularity
Type
Ratings
Length
Year
Community
Subscriptions
Recent Discussions
Orange Saloon
Badges
Playlists
Quests
Create
Leaderboards
Showdown
Live 5
Trivia Bingo
Activity
Puzzle Library
Sporcle Events
Private Events
Virtual Trivia
Globe League
Become a Host
Pub Owners
SporcleCon
Opinionation
Our Games
Videos
Blog
Mobile Apps
Partnerships
Remove Ads and Go Orange
Feedback
Sports
Athletes
MLB
NBA
NHL
NFL
Soccer
Sports Teams
WWE
NCAA
Football
Premier League
Basketball
Baseball
Hockey
Golf
Tennis
Cricket
Rugby
Auto Racing
Olympics
World Cup
Sports
Athletes
MLB
NBA
NHL
NFL
Soccer
Sports Teams
WWE
NCAA
Football
Premier League
Basketball
Baseball
Hockey
Golf
Tennis
Cricket
Rugby
Auto Racing
Olympics
World Cup
Random Quiz
Search Sporcle
×
Quiz Lab
Quiz Lab
Sports
MLB
Type in answers that appear in a list
Type in answers that appear in a list
Classic
Best Score? Go Orange.
2011 MLB Top 100 in Hits Stats
Can you name the Top 100 MLB hits leaders in 2011?
By
gallantgreg
13m
100 Questions
2,865 Plays
2,865 Plays
2,865 Plays
Comments
Comments
Give Quiz Kudos
Give Quiz Kudos
-
- Ratings
hide this ad
Replay
Link that replays current quiz
Next Quiz
Link to next quiz in quiz playlist
You Got
0%
They Got
Avg Score
59%
Avg Friend Score
Upgrade to see
Score Distribution
Jump to the score distribution portion of the page
Score
0/100
Timer
13:00
0
Plays Today
Hits / Team
Player
% Correct
197 (DET)
Miguel Cabrera
93%
165 (CLE)
Asdrubal Cabrera
92.9%
201 (KC)
Melky Cabrera
92.8%
195 (BOS)
Dustin Pedroia
92.2%
187 (MIL)
Ryan Braun
91%
213 (BOS)
Adrian Gonzalez
90.8%
142 (COL)
Carlos Gonzalez
90.6%
162 (NYY)
Derek Jeter
90.5%
136 (ATL)
Alex Gonzalez
90.1%
213 (TEX)
Michael Young
89.7%
134 (ARI)
Chris Young
89.1%
185 (CIN)
Joey Votto
88.3%
173 (CHC)
Aramis Ramirez
88.2%
165 (CWS)
Alexei Ramirez
88.1%
195 (LAD)
Matt Kemp
88%
212 (BOS)
Jacoby Ellsbury
87.8%
173 (STL)
Albert Pujols
87.8%
170 (MIL)
Prince Fielder
87.6%
159 (BAL)
Adam Jones
86.8%
188 (NYY)
Robinson Cano
86.7%
145 (TEX)
Josh Hamilton
83.6%
184 (SEA)
Ichiro Suzuki
83.3%
181 (NYM)
Jose Reyes
82.2%
190 (HOU/
PHI)
Hunter Pence
81.2%
162 (BOS)
David Ortiz
80.3%
171 (ARI)
Justin Upton
77.6%
163 (CWS)
Paul Konerko
77.3%
156 (NYM/
SF)
Carlos Beltran
76.9%
136 (TB)
B.J. Upton
76.7%
183 (CIN)
Brandon Phillips
76%
161 (HOU)
Carlos Lee
75.2%
207 (CHC)
Starlin Castro
74.4%
152 (PHI)
Jimmy Rollins
74.2%
144 (TEX)
Adrian Beltre
73.6%
Hits / Team
Player
% Correct
146 (NYY)
Mark Teixeira
73.6%
153 (NYY)
Curtis Granderson
72.2%
141 (PHI)
Ryan Howard
71.6%
162 (COL)
Troy Tulowitzki
71.2%
178 (DET)
Victor Martinez
70.7%
193 (HOU/
ATL)
Michael Bourn
70.3%
155 (TOR)
Jose Bautista
69%
158 (TEX)
Ian Kinsler
67.8%
182 (BAL)
Nick Markakis
67.7%
174 (KC)
Billy Butler
67.6%
148 (PIT)
Andrew McCutchen
67.5%
185 (KC)
Alex Gordon
67.1%
140 (ATL)
Dan Uggla
64.6%
142 (LAD)
Andre Ethier
63%
147 (STL)
Lance Berkman
61.4%
150 (CIN)
Jay Bruce
61.2%
152 (LAA)
Torii Hunter
61%
135 (FLA)
Mike Stanton
59.9%
164 (TEX)
Elvis Andrus
59.1%
158 (TB)
Ben Zobrist
57.8%
147 (DET)
Austin Jackson
56.8%
145 (PHI)
Shane Victorino
54.3%
137 (NYY)
Nick Swisher
53.2%
163 (BAL)
Vladimir Guerrero
51.5%
140 (MIL)
Corey Hart
51.2%
161 (ATL)
Freddie Freeman
50.6%
134 (SF)
Pablo Sandoval
49.9%
178 (CWS)
Juan Pierre
49.6%
145 (STL)
Yadier Molina
48.1%
150 (MIN)
Michael Cuddyer
47.8%
142 (BAL)
J.J. Hardy
46.8%
153 (KC)
Eric Hosmer
45.1%
152 (TB)
Johnny Damon
44%
152 (FLA)
Gaby Sanchez
43.7%
Hits / Team
Player
% Correct
153 (LAD)
James Loney
41%
137 (DET)
Alex Avila
40.5%
163 (PIT)
Neil Walker
39.9%
143 (ATL)
Martin Prado
38.5%
137 (LAA)
Mark Trumbo
38.1%
171 (KC)
Jeff Francoeur
37.8%
139 (KC)
Alcides Escobar
37%
149 (TOR)
Yunel Escobar
36.8%
155 (LAA)
Erick Aybar
36.8%
158 (WAS)
Michael Morse
36.5%
135 (COL)
Seth Smith
35.6%
157 (DET)
Jhonny Peralta
35.4%
147 (CIN)
Drew Stubbs
34.8%
153 (LAA)
Howie Kendrick
33.4%
148 (WAS)
Ian Desmond
33.2%
140 (OAK)
Coco Crisp
33%
160 (FLA)
Omar Infante
30.7%
135 (WAS)
Danny Espinosa
28.8%
135 (STL)
Jon Jay
28.5%
153 (TB)
Casey Kotchman
26.9%
139 (ARI)
Miguel Montero
26.7%
136 (SD)
Cameron Maybin
25.9%
146 (CHC)
Darwin Barney
25%
140 (MIL)
Yuniesky Betancourt
24.7%
167 (FLA)
Emilio Bonifacio
23.8%
139 (CHC/
CLE)
Kosuke Fukudome
21.2%
136 (SD)
Jason Bartlett
21.1%
133 (CWS)
A.J. Pierzynski
21%
136 (LAA)
Peter Bourjos
20.7%
136 (OAK)
Cliff Pennington
16%
137 (LAA)
Alberto Callaspo
13.8%
139 (MIN)
Danny Valencia
13.7%
Quiz Playlist
Details
Report
Send in Message
Add To Playlist
Classic:
Type in answers that appear in a list
Quiz Source
Last Updated: Mar 22, 2017
Quiz Scoreboard
CHALLENGE
Sign Up to Join the Scoreboard
Show All
Scores
Hide
Comments
May contain spoilers
Recently Published
An Introduction to Baseball
by treessimontrees
Sports
5m
Movies - When Are They Set?
by FPL_Elf
Movies
5m
Popular People in 1961
by mucciniale
History
6m
More to Explore
Quiz From the Vault
Featured Blog Post
Where Did the Easter Bunny Come From?
hide this ad
You Might Also Like...
Tags
Baseball Quiz
MLB Quiz
100
2011
hit
Player
team
Top 100
Today's Top Quizzes in Sports
Browse Sports
hide this ad
Today's Top Quizzes in MLB
Browse MLB
Top Contributed Quizzes in Sports
1
Les meilleurs buteurs des matchs entre le PSG et l’OM
2
2022 World Cup Stars
3
FIFA Club World Cup Champions
4
Les entraîneurs de l'OM et du PSG au 21e siècle
5
Name the Premier League winners with different clubs
6
La finale Lions - Afrique du Sud 2021
7
Criteria MLB: Left Handed Sluggers
8
Les joueurs passés par le LOSC et le RC Lens
9
Players with Multiple 50 Home Run Seasons
10
MLB Players with Two .350 Batting Average Seasons
Explore More
Trending Topics
Anime
Marvel
NBA
Crossword
Harry Potter
Disney
Kpop
Pokémon
Country
The Office
Song
Puzzle
WWE
NFL
Soccer
hide this ad
More By:
gallantgreg
Quiz
Plays
Rating
Category
Featured
Created
Projected MLB Lineups (2014)
9,733
4.43
Sports
Feb 18, 2014
10-to-1 NBA Finals Rosters
7,548
4.50
Sports
Jul 1, 2015
Projected MLB Lineups (2015)
5,098
4.30
Sports
Jan 8, 2015
Projected MLB Rotations (2014)
3,676
4.70
Sports
Feb 19, 2014
10 to 1 World Series Rosters
2,985
4.86
Sports
Jul 1, 2015
Go to Creator's Profile
Score Distribution
Quiz Creator Spotlight
gallantgreg
Follow
Send a Message
Quizzes Created
-
Created Quiz Play Count
-
More By This Creator
Popular Quizzes Today
1
Find the Countries of Europe - No Outlines Minefield
2
Find the US States - No Outlines Minefield
3
The Countries of the World
4
Popular People in 1961
5
US States
6
1-10 Letter E Words III
7
Find the US States
8
Risky Map Clicking: Biggest States A-Z
More Sports Quizzes
Rapper or Kentucky Derby Winner?
Published
Trending Quizzes
Risky Map Clicking: Least Populous States A-Z
1-10 Letter F Words
1-10 Letter G Words
One Thing in Common: United Kingdom
Risky Map Clicking: Next State Alphabetically
Recently Updated
Leaping Animals
pecheneg
Reality TV Shows (A-Z)
bhenderson79
Rickey Henderson's Hall of Fame Teammates
pecheneg
Champions League XIs: Arsenal
pecheneg
Quick Pick: Celebrities in WWE's Hall of Fame
aduchscher
A-Z Keypad Blitz II
pecheneg
Multiple Oscar Actors
pecheneg
Mystery Phrase Blitz: Oscar 'Best Actors'
pecheneg
F. Scott Fitzgerald Novels
LTH
Pick 3 Villains
ddd62291
Trending Topics
Disney
Kpop
Marvel
NBA
Crossword
Harry Potter
Anime
Pokémon
Soccer
Country
Song
WWE
Puzzle
The Office
NFL
Your Account Isn't Verified!
In order to create a playlist on Sporcle, you need to verify the email address you used during registration. Go to your
Sporcle Settings
to finish the process.
Report this User
Report this user for behavior that violates our
Community Guidelines
.
Details:
Send Report
Go to the Sporcle.com Mobile Site →
Comments